And Muhammad Is His Messenger (Record no. 6344)

MARC details
000 -LEADER
fixed length control field 00753nam a2200265 a 4500
020 ## - INTERNATIONAL STANDARD BOOK NUMBER
ISBN 0807896
082 00 - DEWEY DECIMAL CLASSIFICATION NUMBER
Classification number 297.63
Author Cutter SCH
100 ## - MAIN ENTRY--AUTHOR NAME
Author name Schimmel, Annemarie
245 ## - TITLE STATEMENT
Title And Muhammad Is His Messenger
Sub title Veneration of the Prophet in Islamic Piety
260 ## - PUBLICATION, DISTRIBUTION, ETC. (IMPRINT)
Place of publication Chapel Hill
Name of publisher University of North Carolina Press
Year of publication 1985
300 ## - PHYSICAL DESCRIPTION
Number of Pages 277p
500 ## - GENERAL NOTE
General note includes index and biblioraphy
505 2# - FORMATTED CONTENTS NOTE
Formatted contents note Index
650 ## - SUBJECT ADDED ENTRY--TOPICAL TERM
Topical Term Muhammad, Prophet
650 ## - SUBJECT ADDED ENTRY--TOPICAL TERM
Topical Term Poetry-Islamic
650 ## - SUBJECT ADDED ENTRY--TOPICAL TERM
Topical Term Islamic-Poetry-history and Criticis
942 ## - ADDED ENTRY ELEMENTS (KOHA)
Koha item type Books
700 1# -
-- Schimmel, Annemarie
Holdings
Collection code Home library Current library Date acquired Cost, normal purchase price Full call number Accession Number Koha item type
  Henry Martyn Institute Library Henry Martyn Institute Library 07/31/2013 655.65 297.63 SCH 014919 Books
                   Copyright © 2026 | Henry Martyn Institute | Hyderabad | TS-500052 | INDIA | Implemented by hmi.edu.in
Hit-Count:

Powered by Koha